01003nam a2200193 a 450000100100000000500170001000800410002704000250006810000530009324500590014626000490020530000200025404900090027495201170028395201170040095201640051795201110068199900170079200003009720240305102301.0110429s1955 dr 000 0 spa d aDO-SdBNPbspacBNPHU1 aCoiscou Henríquez, Máximo,d1876-197393107510aPlacer de la justicia /cMáximo Coiscou Henríquez. aCiudad Trujillo :bEditora Mont Alvo,c1955. a12 p. ;c27 cm. aBNPD 001054708RVaGRbGRcCTd2011-06-08iLF1l0o p30097-30r2020-06-25te. 3w2020-06-25y4ZPréstamo en sala 001154708RVaGRbGRcMId2011-06-08iLF1l0o p30097-40r2020-06-25te. 4w2020-06-25y4ZPréstamo en sala 001050718RVaPDbPDcHDd2011-04-29iLF1l0o p30097-10r2020-06-25w2020-06-25y1zPerteneció a la biblioteca personal de Martínez Boog.ZNo se presta 001050718RVaPDbPDcHDd2011-05-03iLF1l0o p30097-20r2020-06-25te. 2w2020-06-25y1ZNo se presta c29589d29589